Don Quixote (Record no. 3113)

MARC details
000 -CABECERA
campo de control de longitud fija 01604nam a2200325 a 4500
001 - NÚMERO DE CONTROL
campo de control BRCA_3377
005 - FECHA Y HORA DE LA ÚLTIMA TRANSACCIÓN
campo de control 20190320204242.0
041 ## - CÓDIGO DE LENGUA
Código de lengua del texto/banda sonora o título independiente eng
044 ## - CÓDIGO DEL PAÍS DE LA ENTIDAD EDITORA/PRODUCTORA
Código MARC del país enk
084 ## - OTRO NÚMERO DE CLASIFICACIÓN
Número de clasificación 666
Número de documento/Ítem .G693
-- 1901
100 1# - ENTRADA PRINCIPAL--NOMBRE DE PERSONA
Nombre de persona Cervantes Saavedra, Miguel de
Fechas asociadas al nombre 1547-1616
9 (RLIN) 213
245 10 - MENCIÓN DE TÍTULO
Título Don Quixote
Mención de responsabilidad, etc. Translated by John Ormsby.
260 ## - PUBLICACIÓN, DISTRIBUCIÓN, ETC.
Lugar de publicación, distribución, etc. Glasgow
Nombre del editor, distribuidor, etc. Gowans and Gray
Fecha de publicación, distribución, etc. 1901
300 ## - DESCRIPCIÓN FÍSICA
Extensión 4 v.
Dimensiones 18 cm.
440 #0 - MENCIÓN DE SERIE/PUNTO DE ACCESO ADICIONAL--TÍTULO
Título The Complete Works of Miguel de Cervantes
Designación de volumen o secuencia 3,4,5 y 6
9 (RLIN) 8887
500 ## - NOTA GENERAL
Nota general Contenido : v.1. Primera parte. Introducción por J. Fitzmaurice-Kelly. Nota biográfica, dedicatoria y prólogo del autor. Versos preliminares. -- v.2. Primera parte. Texto. -- v.3. Segunda parte. Dedicatoria y prólogo del autor. -- v.4. Segunda parte. Texto. Proverbios de Don Quijote
500 ## - NOTA GENERAL
Nota general Edición : Edited by James Fitzmaurice-Kelly
500 ## - NOTA GENERAL
Nota general Traducción de John Ormsby, editada, prolongada y anotada por el conocido hispanista inglés J. Fitzmaurice-Kelly, autor de una biografía de Cervantes. Sus notas y comentarios son eruditos, pero el tono demasiado frío. Tela Lúdovik Osterc
500 ## - NOTA GENERAL
Nota general QM489A
546 ## - NOTA DE LENGUA/LENGUAJE
Nota de lengua/lenguaje Texto en : inglés
650 14 - PUNTO DE ACCESO ADICIONAL DE MATERIA--TÉRMINO DE MATERIA
Término de materia o nombre geográfico como elemento de entrada Novela española
Subdivisión cronológica Época clásica, 1500-1700
9 (RLIN) 215
650 14 - PUNTO DE ACCESO ADICIONAL DE MATERIA--TÉRMINO DE MATERIA
Término de materia o nombre geográfico como elemento de entrada Literatura española
Subdivisión cronológica Época clásica, 1500-1700
9 (RLIN) 216
650 14 - PUNTO DE ACCESO ADICIONAL DE MATERIA--TÉRMINO DE MATERIA
Término de materia o nombre geográfico como elemento de entrada Novela española
Subdivisión cronológica Siglo XVII
9 (RLIN) 217
650 14 - PUNTO DE ACCESO ADICIONAL DE MATERIA--TÉRMINO DE MATERIA
Término de materia o nombre geográfico como elemento de entrada Don Quijote (Personaje fciticio)
Término indicativo de función/relación Novela
9 (RLIN) 8888
700 1# - PUNTO DE ACCESO ADICIONAL--NOMBRE DE PERSONA
Nombre de persona Fitzmaurice-Kelly, James
Fechas asociadas al nombre 1858-1923
Término indicativo de función/relación Editor
9 (RLIN) 8889
700 1# - PUNTO DE ACCESO ADICIONAL--NOMBRE DE PERSONA
Nombre de persona Ormsby, John
Fechas asociadas al nombre 1829-1895
Término indicativo de función/relación Traductor
9 (RLIN) 8890
740 0# - PUNTO DE ACCESO ADICIONAL--TÍTULO RELACIONADO O ANALÍTICO NO CONTROLADO
Título relacionado o analítico no controlado El Ingenioso Hidalgo Don Quijote de la Mancha
902 ## - CATALOGADOR
Iniciales QFM
942 ## - ELEMENTOS DE PUNTO DE ACCESO ADICIONAL (KOHA)
Fuente del sistema de clasificación o colocación Library of Congress Classification
Tipo de ítem Koha Libros
Holdings
Estado de retiro Estado de pérdida Estado dañado No para préstamo Localización permanente Ubicación/localización actual Fecha de adquisición Número de inventario Total de préstamos Signatura topográfica completa Código de barras Fecha visto por última vez Precio válido a partir de Tipo de ítem Koha
El ejemplar forma parte de la colección y puede ser consultado según las políticas vigentes.       Biblioteca del Museo Franz Mayer (Rogerio Casas-Alatriste) Biblioteca del Museo Franz Mayer (Rogerio Casas-Alatriste) 01/04/2009 QM489A   666 .G693 1901 (QM489A) 3374 22/03/2019 22/03/2019 Libros